Landen van Afrika - Klikquiz - Statistieken

Algemene statistieken
  • Deze quiz is 197 keer genomen
  • De gemiddelde score is 20 van 54
Antwoorden op de kaart
Antwoorden kleurgecodeerd door een groen-rode schaal op de quizkaart volgens % correct hieronder.
 
Antwoordstatistieken
Antwoord % Correct
Egypte
67%
Marokko
64%
Zuid-Soedan
64%
Nigeria
59%
Niger
57%
Lesotho
56%
Tunesië
54%
Ivoorkust
53%
Sao Tome en Principe
53%
Madagascar
51%
Somalië
51%
Djibouti
49%
Eswatini
49%
Soedan
46%
Zuid-Afrika
46%
Burundi
44%
Zambia
44%
Algerije
43%
Mozambique
43%
Oeganda
43%
Centraal Afrikaanse Republiek
41%
Libië
41%
Angola
39%
Burkina-Faso
39%
Comoren
39%
Congo-Kinshasa
39%
Gabon
39%
Ghana
39%
Kaapverdië
37%
Congo-Brazzaville
36%
Malawi
36%
Rwanda
36%
Liberia
34%
Gambia
33%
Tsjaad
33%
Kameroen
31%
Kenia
30%
Sierra Leone
30%
Ethiopië
29%
Namibië
29%
Guinee-Bissau
27%
Mauritanië
27%
Togo
27%
Senegal
24%
Botswana
21%
Eritrea
21%
Mali
21%
Seychellen
21%
Benin
20%
Tanzania
20%
Equatoriaal Guinea
19%
Guinee
19%
Zimbabwe
19%
Mauritius
17%
Geen overeenkomende quizzen gevonden
Scoreverdeling
Procent van Mensen met Elke Score
Percentiel versus Aantal Correcte Antwoorden
Uw Scoregeschiedenis
U heeft deze quiz nog niet genomen